| 000 | 00654nam a2200229 i 4500 | ||
|---|---|---|---|
| 001 | 15043 | ||
| 003 | ES-MaACL | ||
| 005 | 20231222205017.0 | ||
| 007 | t| | ||
| 008 | 991202s1999 sp ||||1| spa d | ||
| 020 | _a88-339-1465-0 | ||
| 080 | _a821.134.2-31"19" | ||
| 100 | 1 |
_aMartín Gaite, Carmen, _d1925-2000 _977496 |
|
| 245 | 1 | 0 |
_aNubosidad variable / _cCarmen Martín Gaite. |
| 250 | _a5ª ed. en Compactos. | ||
| 260 |
_aBarcelona : _bAnagrama, _c1999. |
||
| 300 |
_a391 p. ; _c21 cm. |
||
| 490 | 1 |
_aCompactos ; _v134 |
|
| 830 | 0 |
_aCompactos ; _v134 _9179707 |
|
| 852 |
_aES-MaACL _jL-22223 _bR.127484 |
||
| 999 |
_c15043 _d15043 |
||